Los hugonotes (Registro nro. 128292)

Detalles MARC
000 -LEADER
campo de control de longitud fija 00607nam a2200193 i 4500
001 - NÚMERO DE CONTROL
campo de control 128292
003 - IDENTIFICADOR DE NÚMERO DE CONTROL
campo de control ES-MaACL
005 - FECHA Y HORA DE LA ÚLTIMA TRANSACCIÓN
campo de control 20230906193226.0
007 - CAMPO FIJO DE DESCRIPCIÓN FÍSICA--INFORMACIÓN GENERAL
campo de control de longitud fija t|
008 - DATOS DE LONGITUD FIJA--INFORMACIÓN GENERAL
campo de control de longitud fija 070628s1944 ag ||||1| spa d
080 ## - NÚMERO DE LA CLASIFICACIÓN DECIMAL UNIVERSAL
Número de la Clasificación Decimal Universal 284.5"15/17"
100 1# - ENTRADA PRINCIPAL--NOMBRE DE PERSONA
Nombre de persona Zoff, Otto.
9 (RLIN) 118324
245 14 - MENCIÓN DEL TÍTULO
Título Los hugonotes
Resto del título : soldados de la libertad humana /
Mención de responsabilidad, etc. Otto Zoff ; [traducción de Eloy Lorenzo Rebora].
260 ## - PUBLICACIÓN, DISTRIBUCIÓN, ETC.
Lugar de publicación, distribución, etc. Buenos Aires :
Nombre del editor, distribuidor, etc. Futuro,
Fecha de publicación, distribución, etc. [1944] (
Fabricante La Mundial)
300 ## - DESCRIPCIÓN FÍSICA
Extensión 278 p. :
Otras características físicas il. ;
Dimensiones 23 cm.
650 14 - PUNTO DE ACCESO ADICIONAL DE MATERIA--TÉRMINO DE MATERIA
Término de materia o nombre geográfico como elemento de entrada Hugonotes.
9 (RLIN) 13497
700 1# - ENTRADA AGREGADA--NOMBRE PERSONAL
Nombre de persona Rebora, Eloy Lorenzo.
9 (RLIN) 95715
852 ## - LOCALIZACIÓN
Ubicación ES-MaACL
Número de control de estantería E-2090
Sublocalización o colección R.23028
Existencias
Estatus retirado Estado de pérdida Estado de daño No para préstamo Biblioteca de origen Biblioteca actual Ubicación en estantería Fecha de adquisición Fuente de adquisición Total de préstamos Signatura topográfica completa Código de barras Visto por última vez Precio de reemplazo Tipo de ítem Koha
        Biblioteca del Ateneo de Madrid Biblioteca del Ateneo de Madrid Depósito 2 17/01/2008     E-2090 1133618 23/02/2023 23/02/2023 Libro impreso